Statistics for Name a Valid Americas Country

Click here to take the quiz!

General Stats

  • This quiz has been taken 906 times
  • The average score is 15 of 16

Answer Stats

Name an Americas country...Valid Countries% Correct
with more than 100 million populationBrazil | Mexico | United States
100%
which is Spanish speakingArgentina | Belize | Bolivia | Chile | Colombia | Costa Rica | Cuba | Dominican
Republic | Ecuador | El Salvador| Guatemala | Honduras | Mexico |
Nicaragua | Panama | Paraguay | Peru | Uruguay | Venezuela
100%
touches Pacific oceanCanada | Chile | Colombia | Costa Rica | Ecuador | El Salvador | Guatemala |
Honduras | Mexico | Nicaragua | Panama | Peru | United States
99%
is in Central AmericaBelize | Costa Rica | El Salvador | Guatemala | Honduras | Nicaragua | Panama
99%
with two wordsCosta Rica | Dominican Republic | El Salvador | St. Lucia | United States
99%
through which Andes passesArgentina | Bolivia | Chile | Colombia | Ecuador | Peru | Venezuela
98%
whose name contains letter "Z"Belize | Brazil | Venezuela
98%
with per capita GDP greater than $50,000Canada | United States
97%
with life expectancy greater than 77 per capitaCanada | Chile | Cuba | Panama | United States
97%
has highest elevation greater than 5,000 meterArgentina | Bolivia | Canada | Chile | Ecuador | Mexico | Peru | United States
97%
with a land area less than 1,000 sq. km.Antigua and Barbuda | Barbados | Dominica | Grenada | Saint Kitts and Nevis |
Saint Lucia | Saint Vincent and Grenadines
96%
through which Tropics passesBahamas | Mexico | Chile | Argentina | Paraguay | Brazil
95%
with same "capital city - country" nameGuatemala | Mexico | Panama
92%
through which Parana river flowsArgentina | Brazil | Paraguay
90%
with "Saint" Capital cityAntigua and Barbuda | Chile | Costa Rica | Dominican Republic |
El Salvador | Grenada
87%
is a member of OPECEcuador | Venezuela
83%

Score Distribution

Percentile by Number Answered

Percent of People with Each Score

Your Score History

You have not taken this quiz